LEADER 01717oem 2200421Ia 450 001 9910696149303321 005 20070925145122.0 035 $a(CKB)5470000002375318 035 $a(OCoLC)78779914 035 $a(EXLCZ)995470000002375318 100 $a20070118d2006 ua 101 0 $aeng 120 $ab|||||||||||| 121 $a||||||||| 124 $bd 135 $aurcnu--|m|||| 181 $ccrd$2rdacontent 182 $cc$2rdamedia 183 $acr$2rdacarrier 200 00$aHigh-resolution chirp seismic reflection data acquired from the Cap de Creus shelf and canyon area, Gulf of Lions, Spain in 2004$b[electronic resource] /$fby Eric Grossman ... [and others] ; U.S. Department of the Interior, U.S. Geological Survey 210 1$aMenlo Park, Calif. :$cU.S. Geological Survey,$d2006. 215 $a1 electronic map $cHTML file 225 1 $aU.S. Geological Survey open-file report ;$v2006-1247 300 $aTitle from HTML index page (viewed on Jan.17, 2007). 517 3 $aHigh resolution chirp seismic reflection data acquired from the Cap de Creus shelf and canyon area, Gulf of Lions, Spain in 2004 606 $aSeismic prospecting$zSpain$zCreus, Cape$vDatabases 606 $aSeismic reflection method$xData processing 615 0$aSeismic prospecting 615 0$aSeismic reflection method$xData processing. 701 $aGrossman$b Eric$01388897 712 02$aGeological Survey (U.S.) 801 0$bGIS 801 1$bGIS 801 2$bGPO 906 $aBOOK 912 $a9910696149303321 996 $aHigh-resolution chirp seismic reflection data acquired from the Cap de Creus shelf and canyon area, Gulf of Lions, Spain in 2004$93439834 997 $aUNINA